| 000 | 00524nam a2200169Ia 4500 | ||
|---|---|---|---|
| 999 |
_c8415 _d8415 |
||
| 003 | OSt | ||
| 005 | 20201008095255.0 | ||
| 008 | 190216s9999||||xx |||||||||||||| ||und|| | ||
| 040 | _coclc | ||
| 082 |
_a004.22 _bRAF/M |
||
| 100 |
_aRafiquzzaman, Mohamed _95427 |
||
| 245 | 0 |
_aModern Computer Architecture / _cMohamed Rafiquzzaman ; Rajan Chandra |
|
| 260 |
_bGalgotia Publication Pvt Ltf, _c1992. _aNew Delhi: |
||
| 300 | _a410p | ||
| 650 | _aComputer | ||
| 942 |
_cBK _2ddc _h004.22 _iRAF/M _k004.22 _mRAF/M |
||